Sports Quiz

Random Sports or Soccer Quiz
Score 0/152 Timer 10:00
0 Plays Today
Answer % Correct
Bayern Munich
96.9%
Bayern Munich
96.9%
Bayern Munich
96.9%
Bayern Munich
96.9%
Bayern Munich
96.9%
Bayern Munich
96.9%
Bayern Munich
96.9%
Defender
93.9%
Bayern Munich
91.8%
Bayern Munich
91.8%
Bayern Munich
91.8%
Bayern Munich
91.8%
Bayern Munich
91.8%
Midfielder
89.8%
Midfielder
87.8%
Goalkeeper
86.7%
Forward
85.7%
Forward
85.7%
Midfielder
85.7%
Midfielder
85.7%
Forward
85.7%
Forward
85.7%
-
83.7%
Manuel Neuer
79.6%
-
79.6%
Schalke 04
76.5%
Gerd Müller
73.5%
Miroslav Klose
72.4%
Bastian Schweinsteiger
71.4%
Philipp Lahm
70.4%
2001
67.3%
Manchester United
67.3%
2001
67.3%
Werder Bremen
66.3%
2017
65.3%
2012
65.3%
2004
65.3%
VfB Stuttgart
64.3%
1995
64.3%
VfB Stuttgart
64.3%
2000
63.3%
1998
63.3%
2016
63.3%
193
62.2%
Michael Ballack
61.2%
Bayer Leverkusen
61.2%
Bayer Leverkusen
61.2%
2003
61.2%
Lothar Matthäus
57.1%
187
57.1%
184
57.1%
Answer % Correct
Chelsea
56.1%
181
56.1%
170
55.1%
0
55.1%
176
54.1%
188
54.1%
183
54.1%
Jürgen Klinsmann
54.1%
182
54.1%
176
54.1%
174
53.1%
1981
53.1%
Lazio
53.1%
1981
53.1%
1989
53.1%
1983
53.1%
Internazionale
52%
Internazionale
52%
Internazionale
52%
1974
48%
Real Madrid
45.9%
Little Kaiser
44.9%
1970
44.9%
1979
42.9%
1963
42.9%
1. FC Kaiserslautern
42.9%
1. FC Kaiserslautern
42.9%
Chicago Fire
42.9%
Tottenham Hotspur
42.9%
23
41.8%
62
40.8%
Passing
39.8%
Passing
39.8%
Passing
39.8%
Borussia Mönchengladbach
38.8%
Schweini
38.8%
112
38.8%
150
37.8%
113
37.8%
98
37.8%
84
37.8%
Karl-Heinz Rummenigge
37.8%
113
37.8%
Shooting
35.7%
Goals Scoring
35.7%
85
35.7%
95
35.7%
48
35.7%
121
34.7%
Reflexes
34.7%
137
33.7%
Answer % Correct
Finishing
32.7%
Heading
32.7%
166
32.7%
Finishing
32.7%
Speed
31.6%
Tackling
29.6%
Tackling
29.6%
Paul Breitner
29.6%
Manu
28.6%
Dribbling
28.6%
Shot power
24.5%
Attacking
24.5%
Der Bomber
23.5%
AS Monaco
23.5%
Dribbling
22.4%
Acceleration
21.4%
Golden Bomber
20.4%
Managing
18.4%
Tackling
18.4%
Leadership
16.3%
Stuttgarter Kickers
15.3%
Crossing
12.2%
MetroStars
12.2%
Chemnitzer FC
12.2%
Sampdoria
12.2%
Sweeper
11.2%
Fort Lauderdale Strikers
10.2%
Eintracht Braunschweig
8.2%
FC 08 Homburg
7.1%
Positioning
7.1%
Servette
7.1%
Salto-Klose
6.1%
Magic Dwarf
5.1%
Technique
5.1%
Orange County Blue Star
5.1%
Creativity
5.1%
284
4.1%
287
4.1%
Der Panzer
3.1%
1. FC Herzogenaurach
3.1%
1861 Nördlingen
3.1%
Balance
3.1%
Fair play
3.1%
Intelligence
3.1%
265
3.1%
Teamwork
3.1%
der Afro
3.1%
556
2%
Likeability
1%
Aguja
1%
Remove Ads.
Support Sporcle.
Get the best of Sporcle when you Go Orange. This ad-free experience offers more features, more stats, and more fun while also helping to support Sporcle. Thank you for becoming a member.

You're not logged in!

Compare scores with friends on all Sporcle quizzes.
OR
Log In

Show Comments

Extras

Top Quizzes Today


Score Distribution

Your Account Isn't Verified!

In order to create a playlist on Sporcle, you need to verify the email address you used during registration. Go to your Sporcle Settings to finish the process.

Report this User

Report this user for behavior that violates our Community Guidelines.

Details: